000 00512nam a2200181Ia 4500
003 GCL
008 140319s9999 xx 000 0 eng d
040 _aGCL /
_cGCL
082 0 4 _a701.03
_bD A
100 1 _aDUNCAN, CAROL
245 1 0 _aTHE AESTHETICS OF POWER: ESSAYS IN CRITICAL ART HISTORY /
_cDUNCAN, CAROL
260 _a[S.N] :
_bCAMBRIBGE UNIVERSITY PRESS ،
_c1993
300 _a230 P
650 0 4 _aART AND SOCIETY
650 0 4 _aFEMINISM AND ART
650 0 4 _aART POLITICAL ASPECTS
942 _2ddc
_cBK
999 _c11120
_d11120